[Event "Bosilegrad"]
[Site "Bosilegrad"]
[Date "2009.05.25"]
[Round "8"]
[White "Todorov, Ognjan"]
[Black "Kirilov, Rumen"]
[Result "1/2-1/2"]
[WhiteElo "2322"]
[BlackElo "2402"]
[PlyCount "45"]
[EventDate "2009.05.21"]
[EventType "tourn"]
[EventRounds "11"]
[EventCountry "YUG"]
[EventCategory "3"]
[SourceTitle "CBM 130 Extra"]
[Source "ChessBase"]
[SourceDate "2009.07.02"]
[SourceVersion "2"]
[SourceVersionDate "2009.07.15"]
[SourceQuality "1"]

1. c4 e5 2. g3 Nf6 3. Bg2 g6 4. Nc3 Bg7 5. Nf3 d6 6. 0-0 0-0 7. d4 Nc6 8. d5 Ne7 9. e4 c6 10. h3 cxd5 11. cxd5 Nd7 12. Nd2 f5 13. Nc4 Nb6 14. Nxb6 Qxb6 15. exf5 Nxf5 16. Ne4 Bd7 17. b3 Bb5 18. Re1 Rac8 19. a4 Ba6 20. a5 Qd4 21. Ba3 Rfd8 22. Rc1 Rxc1 23. Qxc1 1/2-1/2

[Event "Bosilegrad"]
[Site "Bosilegrad"]
[Date "2009.05.24"]
[Round "6"]
[White "Marholev, Dimitar"]
[Black "Kirilov, Rumen"]
[Result "1/2-1/2"]
[WhiteElo "2396"]
[BlackElo "2402"]
[PlyCount "39"]
[EventDate "2009.05.21"]
[EventType "tourn"]
[EventRounds "11"]
[EventCountry "YUG"]
[EventCategory "3"]
[SourceTitle "CBM 130 Extra"]
[Source "ChessBase"]
[SourceDate "2009.07.02"]
[SourceVersion "2"]
[SourceVersionDate "2009.07.15"]
[SourceQuality "1"]

1. Nf3 Nf6 2. c4 g6 3. b3 Bg7 4. Bb2 0-0 5. g3 c6 6. Bg2 d5 7. 0-0 Bg4 8. cxd5 cxd5 9. Ne5 Nfd7 10. d4 Nxe5 11. dxe5 Nc6 12. f4 Qb6+ 13. Kh1 Rad8 14. h3 Bf5 15. Nd2 h5 16. Nf3 Be4 17. Nd4 Bxg2+ 18. Kxg2 e6 19. e3 Rc8 20. Nxc6 1/2-1/2